[Event "AUTO-INT-2991"]
[Site "http://www.queenalice.com/game.php?id=1356117"]
[Date "2015.4.27"]
[Round "1"]
[White "ReidoBaralho"]
[Black "Scharlatan"]
[Result "0-1"]
[WhiteElo "1521"]
[BlackElo "1956"]

1. e4 e6 2. e5 d6 3. Qh5 Nc6 4. c3 Nxe5 5. Nh3 Nf6 6. Qe2 Bd7 7. d4 Ng6 8. g3
Bc6 9. f3 Be7 10. Bg5 O-O 11. Bg2 Nd5 12. a3 Bxg5 13. Nxg5 Qxg5 14. Nd2 Ne3 15.
f4 Nxg2+ 16. Kf1 N6xf4 17. gxf4 Qxf4+ 18. Kg1 Qe3+ 19. Qf2 Qxf2+ 20. Kxf2 Nf4
21. Rhf1 Nd3+ 22. Ke2 Nxb2 23. Rab1 Na4 24. c4 Nc3+ 25. Kd3 Nxb1 26. Nxb1 f5 27.
Nd2 e5 28. dxe5 dxe5 29. Kc3 Rad8 30. Nb3 b6 31. c5 Be4 32. cxb6 cxb6 33. Kb4
Rd5 34. a4 a5+ 35. Ka3 Rc8 36. Rf2 Rc2 37. Rf1 Rc3 38. Kb2 Rdd3 39. Nc1 Rh3 40.
Rd1 Rc2+ 41. Ka1 Ra3+ 42. Na2 Rcxa2# 0-1

[Event "AUTO-INT-2991"]
[Site "http://www.queenalice.com/game.php?id=1356118"]
[Date "2015.4.27"]
[Round "1"]
[White "Scharlatan"]
[Black "ReidoBaralho"]
[Result "1-0"]
[WhiteElo "1950"]
[BlackElo "1507"]

1. d4 d5 2. c4 a6 3. Nc3 dxc4 4. a4 h6 5. Bf4 g5 6. Be5 f6 7. Bg3 e6 8. e4 Nc6
9. Bxc4 Nb4 10. Nge2 Bd6 11. Qb3 Qe7 12. Bxd6 Qxd6 13. e5 fxe5 14. dxe5 Nd3+ 15.
Kf1 Nc5 16. Qc2 Qxe5 17. Re1 Bd7 18. b4 Bxa4 19. Nxa4 Ne4 20. Nec3 b5 21. Rxe4
Qd6 22. Rxe6+ Qe7 23. Qe4 Nf6 24. Rxe7+ Kd8 25. Qxa8+ Kxe7 26. Qxh8 bxc4 27.
Qg7+ Ke6 28. Nc5+ 1-0

[Event "AUTO-INT-2991"]
[Site "http://www.queenalice.com/game.php?id=1356119"]
[Date "2015.4.27"]
[Round "1"]
[White "ReidoBaralho"]
[Black "txukahamae"]
[Result "1-0"]
[WhiteElo "1505"]
[BlackElo "1353"]

1. e4 c5 2. e5 Nc6 3. Nf3 d6 4. Bb5 Bd7 5. d3 Nxe5 6. Ng5 Bxb5 7. Bf4 Ng6 8. g3
Nxf4 9. c4 Bc6 10. gxf4 Bxh1 11. Qh5 g6 12. Qh4 Nf6 13. Nc3 Bg7 14. O-O-O Bc6
15. Kb1 h6 16. Nh3 Qd7 17. b3 O-O-O 18. Ng1 Qg4 19. Qxg4+ Nxg4 20. Nh3 1-0

[Event "AUTO-INT-2991"]
[Site "http://www.queenalice.com/game.php?id=1356120"]
[Date "2015.4.27"]
[Round "1"]
[White "txukahamae"]
[Black "ReidoBaralho"]
[Result "0-1"]
[WhiteElo "1343"]
[BlackElo "1515"]

1. d4 d5 2. c4 dxc4 3. Nf3 e6 4. e3 Bb4+ 5. Bd2 Bd6 6. Bxc4 Nf6 7. Nc3 O-O 8.
O-O Ng4 9. h3 c6 10. hxg4 Bc7 11. Qc2 Qd6 12. Ne4 Qe7 13. Neg5 h6 14. Ne4 e5 15.
dxe5 Bxe5 16. Nxe5 Qxe5 17. Be2 Nd7 18. Bc3 Qe6 0-1

[Event "AUTO-INT-2991"]
[Site "http://www.queenalice.com/game.php?id=1356121"]
[Date "2015.4.27"]
[Round "1"]
[White "ReidoBaralho"]
[Black "TheOperator"]
[Result "1-0"]
[WhiteElo "1490"]
[BlackElo "1521"]

1. e4 e5 2. Qh5 d6 3. Bc4 g6 4. Qf3 Nf6 5. Qb3 d5 6. exd5 b6 7. Bb5+ Nbd7 8. Nf3
Bd6 9. Ng5 Bb7 10. d3 Bxd5 11. c4 Be6 12. Nxe6 fxe6 13. c5 Bxc5 14. Qxe6+ Be7
15. Bxd7+ Qxd7 16. Qxe5 O-O-O 17. O-O Qxd3 18. Qxe7 Ne4 19. Na3 Qd4 20. Be3 Qb4
21. Qxb4 Rde8 22. Nb5 Kb7 23. Rac1 c6 24. Na3 h5 25. Bd4 a6 26. Qxb6+ 1-0

[Event "AUTO-INT-2991"]
[Site "http://www.queenalice.com/game.php?id=1356122"]
[Date "2015.4.27"]
[Round "1"]
[White "TheOperator"]
[Black "ReidoBaralho"]
[Result "1-0"]
[WhiteElo "1508"]
[BlackElo "1529"]

1. e4 d5 2. Nc3 dxe4 3. Nxe4 Bf5 4. Bd3 Qd5 5. Qe2 Nh6 6. c4 Qe6 7. Nf3 Ng4 8.
O-O Nc6 9. a3 Nd4 10. Nxd4 Qe5 11. Nf3 Qf4 12. g3 Qd6 13. Nxd6+ cxd6 14. Bxf5
1-0

[Event "Challenge"]
[Site "http://www.queenalice.com/game.php?id=1356339"]
[Date "2015.4.28"]
[Round "-"]
[White "glaubergouveia"]
[Black "ReidoBaralho"]
[Result "1-0"]
[WhiteElo "1552"]
[BlackElo "1512"]

1. e4 e5 2. Nf3 d6 3. Bc4 c6 4. d3 b5 5. Bb3 a5 6. a3 a4 7. Ba2 Na6 8. h4 Bg4 9.
h5 h6 10. Rh4 Bxf3 11. Qxf3 Nf6 12. g4 Nxe4 13. Qxf7# 1-0

[Event "Challenge"]
[Site "http://www.queenalice.com/game.php?id=1356571"]
[Date "2015.4.30"]
[Round "-"]
[White "ReidoBaralho"]
[Black "antoniozla"]
[Result "0-1"]
[WhiteElo "1546"]
[BlackElo "1327"]

1. e4 e5 2. Qh5 Nc6 3. Bc4 Qe7 4. Nh3 g6 5. Qf3 Nf6 6. d3 Nd4 7. Qd1 Bg7 8. c3
Nc6 9. Ng5 d6 10. Bxf7+ Kf8 11. Bd5 Bd7 12. Nf7 Rg8 13. Ng5 Bh6 14. Bxg8 Kxg8
15. Nd2 Bxg5 16. Nf3 Bxc1 17. Qxc1 d5 18. Qh6 dxe4 19. dxe4 Nxe4 20. O-O Bg4 21.
Nh4 Qg5 22. Qxg5 Nxg5 23. h3 Be2 24. Rfe1 Bc4 25. b3 Bf7 26. a4 Bxb3 27. Reb1
Bd5 28. Rxb7 Rc8 29. Rb5 Rd8 30. Rc1 Ne6 31. g3 a6 32. Rb2 Nc5 33. Rd1 Ne4 34.
Rc2 Bb3 35. Rxd8+ Nxd8 36. Rb2 Bxa4 37. Rb8 Kf7 38. Rxd8 Nxc3 39. Ra8 Bb5 40.
Nf3 Ke6 41. Ra7 Kd6 42. Nd2 h5 43. h4 e4 44. Nb3 c5 45. Na5 Kd5 46. Nb7 c4 47.
Nd8 Kd4 48. Ne6+ Kd3 49. Rg7 Ne2+ 50. Kf1 c3 51. Nc5+ Kd4 52. Nb3+ Kd3 53. Rc7
Kc2 54. Na1+ Kb2 55. Ke1 Kxa1 56. Kd1 Kb2 57. Re7 c2+ 58. Kd2 c1=Q# 0-1

[Event "AUTO-INT-3013"]
[Site "http://www.queenalice.com/game.php?id=1366448"]
[Date "2015.6.19"]
[Round "1"]
[White "Jomaley"]
[Black "ReidoBaralho"]
[Result "0-1"]
[WhiteElo "1440"]
[BlackElo "1554"]

1. Nf3 d5 2. d4 a6 3. e3 Nc6 4. c3 g6 5. a4 Bg4 6. h3 Bf5 7. Nbd2 Bg7 8. g4 Be4
9. a5 e6 10. Bg2 Nf6 11. Qb3 Nxa5 12. Rxa5 b6 13. Qa4+ b5 14. Qb4 Bd3 15. Ng5
Bf8 16. Qb3 Bg7 17. e4 c6 18. exd5 cxd5 19. Ngf3 Qxa5 20. Ne5 Bc4 21. Ndxc4 dxc4
22. Qb4 Qa1 23. O-O Qb1 24. Bg5 Qc2 0-1

[Event "AUTO-INT-3013"]
[Site "http://www.queenalice.com/game.php?id=1366449"]
[Date "2015.6.19"]
[Round "1"]
[White "ReidoBaralho"]
[Black "Jomaley"]
[Result "1-0"]
[WhiteElo "1565"]
[BlackElo "1429"]

1. e4 e5 2. Qh5 Qf6 3. Qh3 h5 4. Qb3 b6 5. Qc3 c6 6. Bb5 Nh6 7. Bc4 b5 8. Bb3 a5
9. h4 Na6 10. Qxa5 Bc5 11. Nf3 Ng4 12. d3 Bxf2+ 13. Kf1 O-O 14. Bg5 Qd6 15. Nc3
Kh8 16. Nd1 Bg3 17. Rh3 Bf4 18. Bxf4 exf4 19. c4 Qxd3+ 20. Kg1 bxc4 21. Qxh5+
Nh6 22. Ne5 Qxe4 23. Bxc4 d5 24. Nf2 1-0

[Event "AUTO-INT-3013"]
[Site "http://www.queenalice.com/game.php?id=1366460"]
[Date "2015.6.19"]
[Round "1"]
[White "francksc"]
[Black "ReidoBaralho"]
[Result "1-0"]
[WhiteElo "1636"]
[BlackElo "1567"]

1. e4 d6 2. d4 a6 3. c4 g6 4. b4 c6 5. Nc3 Nf6 6. Bd3 a5 7. Qa4 Be6 8. d5 b5 9.
cxb5 cxd5 10. b6+ Bd7 11. Bb5 Qxb6 12. exd5 Ng4 13. Nh3 Ne5 14. Be3 Nd3+ 15. Ke2
Qb7 16. Kxd3 axb4 17. Qxb4 Na6 18. Qb2 Bxb5+ 19. Qxb5+ Qxb5+ 20. Nxb5 Bg7 21.
Rab1 O-O 22. Rhc1 Rfd8 23. Ke2 h6 24. g3 Nb8 25. a3 Ra4 26. Kf1 Nd7 27. Rc7 Re4
28. Re1 Re5 29. Bd4 Rxd5 30. Bxg7 Rxb5 31. Bxh6 Rh5 32. Bg5 Rxh3 33. Kg2 Rh5 34.
Bxe7 Ra8 35. Rxd7 Rxa3 36. Bxd6 Rd3 37. Re8+ Kg7 38. Bf8+ Kf6 39. Rxd3 Rh8 40.
Rf3+ Kg5 41. h4+ Kh5 42. Re5+ f5 43. Be7 Re8 44. g4+ Kh6 45. Bg5+ Kg7 46. Rxe8
fxg4 47. Re7+ Kg8 48. Rd3 Kf8 49. Rd8# 1-0

[Event "AUTO-INT-3013"]
[Site "http://www.queenalice.com/game.php?id=1366461"]
[Date "2015.6.19"]
[Round "1"]
[White "ReidoBaralho"]
[Black "francksc"]
[Result "1-0"]
[WhiteElo "1532"]
[BlackElo "1657"]

1. e4 e5 2. Qh5 Nc6 3. Bc4 g6 4. Qf3 Nh6 5. d3 Nd4 6. Qd1 Qf6 7. c3 Nc6 8. Nf3
d6 9. Bg5 Qg7 10. Qd2 Ng4 11. h3 Be7 12. hxg4 Bxg5 13. Nxg5 Bxg4 14. Bxf7+ Kf8
15. Be6 h5 16. Bxg4 hxg4 17. Ne6+ Kf7 18. Nxg7 Kxg7 19. Rxh8 Rxh8 20. Ke2 Rh1
21. Qg5 Ne7 22. Qxe7+ Kh6 23. g3 c5 24. Qxd6 b6 25. Qxe5 g5 26. Qh8+ Kg6 27.
Qxh1 Kg7 28. Nd2 a5 29. Qh2 b5 30. Rh1 Kf8 31. Qh6+ Ke8 32. Qe6+ Kf8 33. Qf6+
Kg8 34. Rh8# 1-0

[Event "AUTO-INT-3013"]
[Site "http://www.queenalice.com/game.php?id=1366466"]
[Date "2015.6.19"]
[Round "1"]
[White "juliobraga"]
[Black "ReidoBaralho"]
[Result "1-0"]
[WhiteElo "1595"]
[BlackElo "1564"]

1. e4 d6 2. d4 a6 3. Nf3 Nc6 4. Bc4 e6 5. Nc3 b5 6. Bd3 h6 7. d5 Ne5 8. dxe6
Bxe6 9. Nxe5 dxe5 10. O-O Nf6 11. Ne2 c5 12. Ng3 c4 13. Be2 Bd6 14. Be3 O-O 15.
Nh5 Nxh5 16. Bxh5 Qd7 17. h3 Bxh3 18. gxh3 Qxh3 19. Qg4 Qxg4+ 20. Bxg4 a5 21.
Rfd1 Bc7 22. Rd5 b4 23. Rc5 Bb6 24. Rxe5 Bc7 25. Rc5 Bd6 26. Rd5 Be7 27. Bc5
Bxc5 28. Rxc5 c3 29. bxc3 bxc3 30. Rb1 g6 31. Rxc3 Kg7 32. Rc7 Rfe8 33. Rbb7 1-0

[Event "AUTO-INT-3013"]
[Site "http://www.queenalice.com/game.php?id=1366467"]
[Date "2015.6.19"]
[Round "1"]
[White "ReidoBaralho"]
[Black "juliobraga"]
[Result "0-1"]
[WhiteElo "1580"]
[BlackElo "1579"]

1. e4 e5 2. Qh5 d6 3. Bc4 Qf6 4. h3 Be6 5. Qe2 Nc6 6. Bb5 a6 7. Bxc6+ bxc6 8. b3
d5 9. d3 d4 10. Nf3 Bb4+ 11. Bd2 c5 12. a3 Bxd2+ 13. Nbxd2 Ne7 14. O-O-O O-O 15.
g4 a5 16. a4 Ng6 17. g5 Qe7 18. h4 Nf4 19. Qf1 Bg4 20. h5 Bxh5 21. Re1 Bg6 22.
Nc4 f6 23. gxf6 Rxf6 24. Nfxe5 Bh5 25. Kb2 Rh6 26. f3 Ne6 27. Nc6 Qf6 28. N6xa5
Qxf3 29. Qg1 Qf6 30. Rf1 Qg6 31. Qh2 Bf3 32. Qf2 Rxh1 0-1

[Event "Challenge"]
[Site "http://www.queenalice.com/game.php?id=1367140"]
[Date "2015.6.23"]
[Round "-"]
[White "antoniozla"]
[Black "ReidoBaralho"]
[Result "0-1"]
[WhiteElo "1432"]
[BlackElo "1519"]

1. Nf3 d5 2. Nc3 a6 3. d4 Nc6 4. Bg5 h6 5. Bh4 f6 6. e3 Bf5 7. Bd3 Bg4 8. h3
Bxf3 9. Qxf3 Nb4 10. O-O g5 11. Bg3 h5 12. a3 Nxd3 13. cxd3 Qd7 14. Nxd5 Rc8 15.
Rfc1 g4 16. Qe4 gxh3 17. Qg6+ Kd8 18. Qf7 Nh6 19. Qxh5 Nf7 20. Qf3 Ng5 21. Bxc7+
Rxc7 22. Rxc7 Nxf3+ 23. gxf3 h2+ 24. Kh1 Qxd5 25. e4 Qxd4 26. Rac1 Ke8 27. Rxb7
Qxf2 28. Rb8+ Kf7 0-1

[Event "Challenge"]
[Site "http://www.queenalice.com/game.php?id=1378776"]
[Date "2015.8.20"]
[Round "-"]
[White "ReidoBaralho"]
[Black "ledeon"]
[Result "0-1"]
[WhiteElo "1582"]
[BlackElo "2087"]

1. e4 e5 2. Qh5 Nc6 3. Bc4 g6 4. Qf3 Nf6 5. Qb3 Qe7 6. h3 Nxe4 7. d3 Nc5 8. Qc3
Bg7 9. Nf3 Nd4 10. Be3 Nxf3+ 11. gxf3 Ne6 12. Na3 c6 13. O-O-O d5 14. Bb3 d4 15.
Qd2 dxe3 16. Qxe3 Nf4 0-1